[Event "Novosibirsk Sputnik op"]
[Site "Novosibirsk"]
[Date "2010.06.24"]
[Round "8"]
[White "Smotrin, Sergey"]
[Black "Glukhov, Mikhail"]
[Result "0-1"]
[WhiteElo "2100"]
[BlackElo "2204"]
[PlyCount "74"]
[EventDate "2010.06.15"]
[EventType "swiss"]
[EventRounds "9"]
[EventCountry "RUS"]
[SourceTitle "EXT 2011"]
[Source "ChessBase"]
[SourceDate "2010.11.26"]
[SourceVersion "1"]
[SourceVersionDate "2010.11.26"]
[SourceQuality "1"]

1. f4 d5 2. Nf3 c5 3. e3 Nf6 4. Bb5+ Nbd7 5. 0-0 e6 6. d4 a6 7. Be2 Be7 8. c3 0-0 9. Bd3 b5 10. Nbd2 Bb7 11. Ne5 Ne4 12. Rf3 f5 13. Rh3 Nxe5 14. dxe5 Qe8 15. Qe2 Bd8 16. Nf3 Bb6 17. Bd2 Rd8 18. Be1 Bc6 19. b4 cxb4 20. cxb4 d4 21. Bh4 Rd7 22. Rc1 Nc3 23. Qb2 Bxf3 24. Rxf3 Na4 25. Qb3 dxe3 26. h3 Rd5 27. Rg3 Qd7 28. Be2 Rc8 29. Rxc8+ Qxc8 30. Bf6 g6 31. Kh2 Qc3 32. Qb1 Qd2 33. Bf3 Nc3 34. Qb3 e2 35. Bxd5 e1Q 36. Bxe6+ Kf8 37. Bg8 Qg1# 0-1

[Event "Novosibirsk Region-ch"]
[Site "Novosibirsk"]
[Date "2009.12.08"]
[Round "6"]
[White "Smotrin, Sergey"]
[Black "Gavrilov, Gennady"]
[Result "1/2-1/2"]
[WhiteElo "2127"]
[BlackElo "2099"]
[PlyCount "20"]
[EventDate "2009.12.04"]
[EventType "swiss"]
[EventRounds "9"]
[EventCountry "RUS"]
[SourceTitle "EXT 2011"]
[Source "ChessBase"]
[SourceDate "2010.11.26"]
[SourceVersion "1"]
[SourceVersionDate "2010.11.26"]
[SourceQuality "1"]

1. f4 e6 2. Nf3 d5 3. e3 Nf6 4. b3 c5 5. Bb2 Nc6 6. Bb5 Qb6 7. Bxc6+ bxc6 8. 0-0 c4 9. Nc3 a5 10. Na4 Qb5 1/2-1/2

[Event "Novosibirsk Region-ch"]
[Site "Novosibirsk"]
[Date "2009.12.07"]
[Round "5"]
[White "Faleev, Vasily"]
[Black "Smotrin, Sergey"]
[Result "1/2-1/2"]
[WhiteElo "1959"]
[BlackElo "2127"]
[PlyCount "113"]
[EventDate "2009.12.04"]
[EventType "swiss"]
[EventRounds "9"]
[EventCountry "RUS"]
[SourceTitle "EXT 2011"]
[Source "ChessBase"]
[SourceDate "2010.11.26"]
[SourceVersion "1"]
[SourceVersionDate "2010.11.26"]
[SourceQuality "1"]

1. e4 Nc6 2. d4 d5 3. Nc3 Nf6 4. e5 Ne4 5. Nxe4 dxe4 6. c3 f6 7. exf6 exf6 8. d5 Ne7 9. Bc4 Nf5 10. Ne2 Bd6 11. Qc2 Qe7 12. 0-0 Bd7 13. a4 g5 14. Bb5 a6 15. Bxd7+ Kxd7 16. b4 h5 17. f3 Rae8 18. fxe4 Qxe4 19. Qxe4 Rxe4 20. Rxf5 Rxe2 21. Rxf6 Re1+ 22. Kf2 Rhe8 23. Re6 R1xe6 24. dxe6+ Kxe6 25. Bxg5 Kd5 26. g3 Kc4 27. Bd2 Kd3 28. Be1 Re2+ 29. Kg1 b5 30. axb5 axb5 31. h3 Be5 32. Kf1 Rc2 33. g4 hxg4 34. hxg4 Ke4 35. Ra6 Kf3 36. g5 Rg2 37. g6 Bd6 38. c4 Rg4 39. Ra3+ Ke4 40. c5 Be5 41. Ra6 Bd4 42. Re6+ Kd5 43. Re7 c6 44. Rd7+ Ke4 45. Rd6 Rg1+ 46. Ke2 Rg2+ 47. Kd1 Kd3 48. g7 Rxg7 49. Bf2 Rg4 50. Bxd4 Rxd4 51. Rxc6 Kc4+ 52. Kc2 Kxb4 53. Rc8 Rh4 54. c6 Rh2+ 55. Kd3 Rh3+ 56. Kd4 Rh4+ 57. Kd5 1/2-1/2

[Event "Novosibirsk-ch sf"]
[Site "Novosibirsk"]
[Date "2008.01.24"]
[Round "9"]
[White "Chuguev, Anton"]
[Black "Smotrin, Sergey"]
[Result "1-0"]
[WhiteElo "2153"]
[BlackElo "2127"]
[PlyCount "51"]
[EventDate "2008.01.13"]
[EventType "swiss"]
[EventRounds "9"]
[EventCountry "RUS"]
[SourceTitle "EXT 2010"]
[Source "ChessBase"]
[SourceDate "2010.11.25"]
[SourceVersion "1"]
[SourceVersionDate "2010.11.25"]
[SourceQuality "1"]

1. d4 Nf6 2. Nf3 g6 3. g3 Bg7 4. Bg2 0-0 5. 0-0 d6 6. c4 Nbd7 7. Nc3 c6 8. e4 e5 9. h3 exd4 10. Nxd4 Re8 11. Be3 Nc5 12. Qc2 a5 13. Rad1 a4 14. Nxc6 bxc6 15. Bxc5 Qa5 16. Bxd6 Qh5 17. e5 Nd7 18. f4 a3 19. b3 Nxe5 20. Bxe5 Bxe5 21. fxe5 Qxe5 22. Kh2 Bf5 23. Rxf5 gxf5 24. Bxc6 f4 25. Bxa8 fxg3+ 26. Kg2 1-0

[Event "Novosibirsk-ch sf"]
[Site "Novosibirsk"]
[Date "2008.01.19"]
[Round "6"]
[White "Smotrin, Sergey"]
[Black "Klyushnichenko, Victor"]
[Result "1-0"]
[WhiteElo "2127"]
[BlackElo "2027"]
[PlyCount "59"]
[EventDate "2008.01.13"]
[EventType "swiss"]
[EventRounds "9"]
[EventCountry "RUS"]
[SourceTitle "EXT 2010"]
[Source "ChessBase"]
[SourceDate "2010.11.25"]
[SourceVersion "1"]
[SourceVersionDate "2010.11.25"]
[SourceQuality "1"]

1. Nf3 d5 2. c4 e6 3. b3 Nf6 4. Bb2 Be7 5. g3 0-0 6. Bg2 Nbd7 7. 0-0 b6 8. d4 Bb7 9. Nc3 dxc4 10. bxc4 Rc8 11. Qb3 c6 12. Rfd1 Qc7 13. Rac1 Qb8 14. e4 Rfd8 15. e5 Ng4 16. h3 Nh6 17. Ne4 c5 18. d5 Re8 19. Qc2 exd5 20. cxd5 Bf8 21. Neg5 g6 22. e6 Qc7 23. exd7 Qxd7 24. Qc3 f6 25. Qxf6 Bg7 26. Qxg7+ Qxg7 27. Bxg7 Kxg7 28. d6 Re2 29. d7 Rd8 30. Rd6 1-0

[Event "Novosibirsk-ch sf"]
[Site "Novosibirsk"]
[Date "2008.01.18"]
[Round "5"]
[White "Okladnikov, Gennady"]
[Black "Smotrin, Sergey"]
[Result "0-1"]
[WhiteElo "2217"]
[BlackElo "2127"]
[PlyCount "94"]
[EventDate "2008.01.13"]
[EventType "swiss"]
[EventRounds "9"]
[EventCountry "RUS"]
[SourceTitle "EXT 2010"]
[Source "ChessBase"]
[SourceDate "2010.11.25"]
[SourceVersion "1"]
[SourceVersionDate "2010.11.25"]
[SourceQuality "1"]

1. e4 c5 2. Nf3 d6 3. d4 cxd4 4. Qxd4 Nc6 5. Bb5 Qa5+ 6. Nc3 Bd7 7. Bxc6 Bxc6 8. 0-0 Nf6 9. e5 dxe5 10. Nxe5 e6 11. Nxc6 bxc6 12. Ne4 Nxe4 13. Qxe4 Qd5 14. Qg4 h5 15. Qe2 Bd6 16. Re1 Rb8 17. c4 Qf5 18. Be3 Qe5 19. f4 Qxb2 20. Qd3 Qa3 21. Qe4 0-0 22. Qxc6 Rfc8 23. Qf3 Bc5 24. Kh1 Bxe3 25. Rxe3 Qxa2 26. Ree1 Qxc4 27. Rxa7 g6 28. h3 Rb3 29. Qf2 Qd5 30. Kg1 Rbc3 31. Raa1 Rc2 32. Qf1 Qd4+ 33. Kh1 Rf2 34. Qa6 Rcc2 35. Rad1 Qxf4 36. Rf1 Rxf1+ 37. Rxf1 Rc1 38. Rxc1 Qxc1+ 39. Kh2 Qf4+ 40. Kh1 Qd4 41. Qc6 Kg7 42. Qe8 e5 43. Qe7 e4 44. Kh2 e3 45. Kg3 h4+ 46. Kh2 Qf4+ 47. Kh1 Qf2 0-1

[Event "Novosibirsk-ch sf"]
[Site "Novosibirsk"]
[Date "2008.01.16"]
[Round "3"]
[White "Krasnikov, Mikhail"]
[Black "Smotrin, Sergey"]
[Result "0-1"]
[WhiteElo "1945"]
[BlackElo "2127"]
[PlyCount "146"]
[EventDate "2008.01.13"]
[EventType "swiss"]
[EventRounds "9"]
[EventCountry "RUS"]
[SourceTitle "EXT 2010"]
[Source "ChessBase"]
[SourceDate "2010.11.25"]
[SourceVersion "1"]
[SourceVersionDate "2010.11.25"]
[SourceQuality "1"]

1. Nf3 Nf6 2. c4 g6 3. Nc3 Bg7 4. g3 0-0 5. Bg2 d6 6. d4 Nc6 7. 0-0 a6 8. e4 Rb8 9. a4 Na5 10. b3 Bd7 11. e5 Ne8 12. exd6 Nxd6 13. Bg5 h6 14. Bf4 Bg4 15. h3 Bxf3 16. Bxf3 Nf5 17. Nd5 Rc8 18. Be5 Bxe5 19. dxe5 c6 20. Nf4 Qxd1 21. Bxd1 Rcd8 22. e6 g5 23. exf7+ Kxf7 24. Ng2 Nd4 25. Rb1 Kg7 26. Ne3 Nf5 27. Re1 e6 28. Bg4 Nd4 29. b4 Nab3 30. Kg2 Nd2 31. Rb2 N2f3 32. Rd1 Ne5 33. Rbd2 c5 34. bxc5 Nec6 35. Rb2 Rf7 36. Rdb1 Na5 37. Rb6 Re7 38. Rd1 Rdd7 39. Bxe6 Nxe6 40. Rxe6 Rxe6 41. Rxd7+ Kf6 42. Nd5+ Ke5 43. Nb6 Rc6 44. Rh7 Kf5 45. Rd7 Rxc5 46. Rd5+ Rxd5 47. cxd5 Ke5 48. Kf3 Kd6 49. Ke4 Kc7 50. Na8+ Kd6 51. f4 gxf4 52. gxf4 Nc4 53. Kd4 b5 54. axb5 axb5 55. f5 Ne5 56. Nb6 Nf3+ 57. Ke3 Ne5 58. Ke4 Nf7 59. h4 Kc7 60. d6+ Kxb6 61. Kd5 b4 62. Ke6 Nxd6 63. Kxd6 b3 64. f6 b2 65. f7 b1Q 66. Ke7 Qe4+ 67. Kd7 Qf5+ 68. Ke7 Qe5+ 69. Kd7 Qd4+ 70. Ke8 Kc7 71. Kf8 Qxh4 72. Kg8 Qd8+ 73. Kg7 h5 0-1

[Event "Berdsk Maestro op 13th"]
[Site "Berdsk"]
[Date "2007.07.15"]
[Round "8"]
[White "Smotrin, Sergey"]
[Black "Koveshnikova, Daria"]
[Result "1-0"]
[WhiteElo "2122"]
[BlackElo "1984"]
[PlyCount "73"]
[EventDate "2007.07.08"]
[EventType "swiss"]
[EventRounds "9"]
[EventCountry "RUS"]
[SourceTitle "EXT 2022"]
[Source "ChessBase"]
[SourceDate "2021.10.06"]
[SourceVersion "1"]
[SourceVersionDate "2021.10.06"]
[SourceQuality "1"]

1. f4 f5 2. e4 e6 3. Nc3 g6 4. Nf3 Bg7 5. Qe2 Ne7 6. g3 0-0 7. Bg2 Nbc6 8. e5 b6 9. d4 a5 10. Be3 Ba6 11. Qd2 d5 12. h4 h5 13. Ng5 Qd7 14. Kf2 Nd8 15. Ne2 Nb7 16. Bf3 b5 17. Rhc1 c6 18. Qd1 Nc8 19. b3 Nb6 20. c3 Rfc8 21. Rc2 Bf8 22. Nc1 c5 23. Bxh5 cxd4 24. Bxd4 gxh5 25. Qxh5 Rc6 26. Ne2 Nc5 27. Rg1 Ne4+ 28. Nxe4 fxe4 29. g4 Qf7 30. Qg5+ Qg7 31. f5 Qxg5 32. hxg5 Kg7 33. Nf4 exf5 34. gxf5 Nc8 35. e6+ Kh7 36. Rh1+ Kg8 37. Rh8# 1-0

[Event "Berdsk Maestro op 13th"]
[Site "Berdsk"]
[Date "2007.07.10"]
[Round "3"]
[White "Kaiyrbekov, Rustam"]
[Black "Smotrin, Sergey"]
[Result "1-0"]
[WhiteElo "2293"]
[BlackElo "2122"]
[PlyCount "43"]
[EventDate "2007.07.08"]
[EventType "swiss"]
[EventRounds "9"]
[EventCountry "RUS"]
[SourceTitle "EXT 2022"]
[Source "ChessBase"]
[SourceDate "2021.10.06"]
[SourceVersion "1"]
[SourceVersionDate "2021.10.06"]
[SourceQuality "1"]

1. d4 Nf6 2. c4 g6 3. Nc3 Bg7 4. e4 d6 5. Nf3 0-0 6. Bg5 e5 7. d5 Nbd7 8. Be2 a6 9. 0-0 Qe8 10. Qd2 Kh8 11. h4 h5 12. Bh6 Kg8 13. Bxg7 Kxg7 14. Ng5 Qe7 15. f4 exf4 16. Qxf4 c6 17. g4 hxg4 18. Bxg4 cxd5 19. exd5 Nc5 20. Rae1 Qd8 21. Bxc8 Qxc8 22. Qxf6+ 1-0